Producteur d'huile d'olive - Statistiques

Statistiques générales
  • Ce quiz a été pris 52 fois
  • Le résultat moyen est 6 sur 8
Statistiques - réponses
Hint Réponse % Correct
41,58% Espagne
98%
6,56% Italie
91%
5,71% Portugal
89%
7,32% Grèce
85%
2,63% Maroc
81%
10,98% Turquie
81%
9,95% Tunisie
74%
3,07% Syrie
47%
Aucun quiz correspondant
Distribution des résultats
% des personnes avec chaque résultat
Percentile par nombre de réponses
Votre historique - résultats
Vous n’avez pas pris ce quiz